00756nam a2200217 a 450000100100000000500170001000800410002702000150006804000250008308200200010810000370012824500540016526000390021930000210025859000270027965000290030665000310033591000370036695201180040399900170052100001267220240412074234.0091116s2001 dr 000 j spa d a9993433209 aDO-SdBNPbspacBNPHU aRD863.44bP644m1 aPimentel, Rubén Darío91962414aLas mamas de Peravia /cRubén Darío Pimentel. aSanto Domingo :bMediabyte,c2001. a174 p. ;c21 cm. aInventariado, 2020/MFF 0aCuentos dominicanos9176 0aLiteratura dominicana.967 aValidado. Control de calidad MFF 0010718PDaPDbPDcHDd2009-11-16iLF1l0oRD863.44 P644mp12672-10r2020-06-25w2020-06-25yLFPDZNo se presta c12323d12323